Quizzes
Events
Quiz Creation
Community
Videos
Private Events
Remove Ads
Sign In
Join for FREE
Feedback
Dark Mode
Quiz Categories
Sports
Geography
Music
Movies
Television
Just For Fun
Miscellaneous
History
Literature
Language
Science
Gaming
Entertainment
Religion
Holiday
For Kids
Quiz Lab
Recent
Popular Today
Quiz Kudos Today
Editor Picks
Curator Picks
Quizzes by...
Day
Popularity
Type
Ratings
Length
Year
Community
Subscriptions
Recent Discussions
Orange Saloon
Badges
Playlists
Quests
Create
Leaderboards
Showdown
Live 5
Trivia Bingo
Activity
Puzzle Library
Sporcle Events
Private Events
Virtual Trivia
Globe League
Become a Host
Pub Owners
SporcleCon
Opinionation
Our Games
Videos
Blog
Mobile Apps
Partnerships
Remove Ads and Go Orange
Feedback
Language
Vocabulary
Begins and Ends
Definition
Spanish
French
German
Italian
Chinese
Latin
Translation
Japanese
Language
Vocabulary
Begins and Ends
Definition
Spanish
French
German
Italian
Chinese
Latin
Translation
Japanese
Random Quiz
Search Sporcle
×
Quiz Lab
Quiz Lab
Language
Translation
Type in answers that appear in a list
Type in answers that appear in a list
Classic
Best Score? Go Orange.
Test je Italiaans: de maanden van het jaar Stats
Kan jij de maanden opnoemen in het Italiaans?
By
Villitalia
2m
12 Questions
23 Plays
23 Plays
23 Plays
Comments
Comments
Give Quiz Kudos
Give Quiz Kudos
-
- Ratings
hide this ad
Replay
Link that replays current quiz
Next Quiz
Link to next quiz in quiz playlist
You Got
0%
They Got
Avg Score
79%
Avg Friend Score
Upgrade to see
Score Distribution
Jump to the score distribution portion of the page
Score
0/12
Timer
02:00
0
Plays Today
Nederlands
Italiaans
% Correct
maart
marzo
100%
januari
gennaio
95.7%
februari
febbraio
95.7%
april
aprile
95.7%
mei
maggio
91.3%
augustus
agosto
73.9%
juli
luglio
69.6%
september
settembre
69.6%
oktober
ottobre
69.6%
juni
giugno
65.2%
november
novembre
65.2%
december
dicembre
65.2%
Quiz Playlist
Details
Report
Send in Message
Add To Playlist
Classic:
Type in answers that appear in a list
Last Updated: Feb 16, 2017
Quiz Scoreboard
CHALLENGE
Sign Up to Join the Scoreboard
Show All
Scores
Hide
Comments
May contain spoilers
Recently Published
1-10 Letter E Words III
by El_Dandy
Language
2m
One Thing in Common: World Cities II
by knightlancer
Geography
7m
Popular People in 1961
by mucciniale
History
6m
More to Explore
Quiz From the Vault
Featured Blog Post
Where Did the Easter Bunny Come From?
hide this ad
You Might Also Like...
Tags
Translation Quiz
Italy
month
Today's Top Quizzes in Language
Browse Language
hide this ad
Today's Top Quizzes in Translation
Browse Translation
Top Contributed Quizzes in Language
1
Order Up: Top 10 Most Native Spoken Languages
2
1-10 Letter F Words III
3
1-10 Letter G Words III
4
One Thing in Common: Italy
5
1-10 Letter H Words III
6
1-10 Letter I Words III
7
Hiragana Speed Reading
8
Begins and Ends With AN
9
Vocabulary 5
10
1-10 Letter J Words III
Explore More
Trending Topics
Harry Potter
Disney
Crossword
Kpop
Marvel
Anime
NBA
Song
NFL
Country
The Office
Puzzle
Soccer
Pokémon
WWE
hide this ad
More By:
Villitalia
Quiz
Plays
Rating
Category
Featured
Created
Provincies van Italië
3,499
5.00
Geography
Aug 9, 2016
Kan jij de 20 regio's van Italië benoemen?
152
4.33
Geography
Jul 28, 2016
Test je Italiaans: kleuren
47
5.00
Language
Aug 9, 2016
Test je Italiaans: de maanden van het jaar
23
5.00
Language
Aug 3, 2016
Test je Italiaans: de seizoenen
22
4.33
Language
Aug 9, 2016
Go to Creator's Profile
Score Distribution
Quiz Creator Spotlight
Villitalia
Follow
Send a Message
Quizzes Created
-
Created Quiz Play Count
-
More By This Creator
Popular Quizzes Today
1
Find the US States - No Outlines Minefield
2
Find the Countries of Europe - No Outlines Minefield
3
The Countries of the World
4
Popular People in 1961
5
1-10 Letter E Words III
6
Find the US States
7
One Thing in Common: World Cities II
8
US States
More Language Quizzes
Words, Inc.
Published
Trending Quizzes
Risky Map Clicking: Least Populous States A-Z
1-10 Letter F Words
1-10 Letter G Words
One Thing in Common: United Kingdom
Risky Map Clicking: Next State Alphabetically
Recently Updated
Leaping Animals
pecheneg
Reality TV Shows (A-Z)
bhenderson79
Rickey Henderson's Hall of Fame Teammates
pecheneg
Champions League XIs: Arsenal
pecheneg
Quick Pick: Celebrities in WWE's Hall of Fame
aduchscher
A-Z Keypad Blitz II
pecheneg
Multiple Oscar Actors
pecheneg
Mystery Phrase Blitz: Oscar 'Best Actors'
pecheneg
F. Scott Fitzgerald Novels
LTH
Pick 3 Villains
ddd62291
Trending Topics
Anime
Crossword
Harry Potter
Kpop
Disney
Marvel
NBA
Soccer
WWE
NFL
Country
Song
Puzzle
Pokémon
The Office
Your Account Isn't Verified!
In order to create a playlist on Sporcle, you need to verify the email address you used during registration. Go to your
Sporcle Settings
to finish the process.
Report this User
Report this user for behavior that violates our
Community Guidelines
.
Details:
Send Report
Go to the Sporcle.com Mobile Site →
Comments